Statistiques concernant Les plus grandes villes sur les rives de la Manche!

Cliquez ici pour prendre le quiz!

Statistiques générales

  • Ce quiz a été pris 67 fois
  • Le résultat moyen est 10 sur 30

Statistiques - réponses

RankingPopulationPaysVille% Correct
19e78.000FranceCalais
90%
5e195.000FranceLe Havre
87%
17e98.000FranceDunkerque
81%
1er525.000Pays-BasLa Haye
69%
13e115.000FranceCaen
68%
3e230.000Royaume-UniSouthampton
66%
9e155.000Royaume-UniBrighton
63%
2e265.000Royaume-UniPlymouth
60%
30e50.000FranceSaint-Malo
50%
12e120.000BelgiqueBruges
42%
29e50.000FranceSaint-Brieuc
37%
6e185.000Royaume-UniBournemouth
35%
21e71.000BelgiqueOostende
34%
15e103.000Royaume-UniEastbourne
21%
10e151.000Royaume-UniPoole
21%
18e90.000Royaume-UniHastings
19%
16e100.000FranceLannion
16%
23e65.000Royaume-UniTorquay
15%
14e112.000Royaume-UniWorthing
13%
24e61.000Royaume-UniMargate
11%
28e52.000Royaume-UniWeymouth
11%
11e135.000Royaume-UniIpswich
10%
78ee165.000Royaume-UniSouthend-on-Sea
10%
25e57.000Pays-BasLe Helder
6%
26e56.000Royaume-UniClacton-on-Sea
5%
20e71.000Royaume-UniLowestoft
5%
31e50.000Royaume-UniPaignton
5%
22e65.000Pays-BasBerg-op-Zoom
3%
17e55.000Royaume-UniTerneuzen
3%
4e205.000Royaume-UniPotsmouth
2%

Distribution des résultats

Percentile par nombre de réponses

% des personnes avec chaque résultat

Votre développement - résultats

Vous n’avez pas pris ce quiz